| Tag |
First Indicator |
Second Indicator |
Subfields |
| LEADER |
00000cam a2200000Ia 4500 |
| 001 |
in00002473921 |
| 005 |
20210727074257.0 |
| 006 |
m d |
| 007 |
cr cn||||||||| |
| 008 |
081009s2008 ne s 001 0 eng d |
| 020 |
|
|
|a 1402069995
|
| 020 |
|
|
|a 9781402069994
|
| 035 |
|
|
|a (OCoLC)261324807
|
| 035 |
|
|
|a (OCoLC)ocn261324807
|
| 035 |
|
|
|a 3069001
|
| 037 |
|
|
|a 978-1-4020-6998-7
|b Springer
|n http://www.springerlink.com
|
| 040 |
|
|
|a GW5XE
|b eng
|c GW5XE
|d YDXCP
|d UtOrBLW
|
| 049 |
|
|
|a TEFA
|
| 050 |
1 |
4 |
|a TK7871.99.M44
|b L35 2008eb
|
| 082 |
0 |
4 |
|a 621.3813
|2 22
|
| 100 |
1 |
|
|a Lai, Ivan Chee-Hong.
|0 http://id.loc.gov/authorities/names/nb2009018712
|
| 245 |
1 |
0 |
|a Design and modeling of millimeter-wave CMOS circuits for wireless transceivers :
|b era of sub-100nm technology /
|c by Ivan Chee-Hong Lai, Minoru Fujishima.
|
| 264 |
|
1 |
|a Dordrecht ;
|a [New York] :
|b Springer Science+Business Media,
|c 2008.
|
| 300 |
|
|
|a xi, 183 pages :
|b illustrations ;
|c 24 cm.
|
| 336 |
|
|
|a text
|b txt
|2 rdacontent
|
| 337 |
|
|
|a computer
|b c
|2 rdamedia
|
| 338 |
|
|
|a online resource
|b cr
|2 rdacarrier
|
| 500 |
|
|
|a Electronic resource.
|
| 533 |
|
|
|a Electronic reproduction.
|b New York :
|c Springer,
|d 2008.
|n Mode of access: World Wide Web.
|n System requirements: Web browser.
|n Title from title screen (viewed on Oct. 1, 2008).
|n Access may be restricted to users at subscribing institutions.
|
| 650 |
|
0 |
|a Metal oxide semiconductors, Complementary
|x Design.
|
| 650 |
|
0 |
|a Millimeter wave devices
|x Design.
|
| 655 |
|
7 |
|a Electronic books.
|2 local
|
| 700 |
1 |
|
|a Fujishima, Minoru.
|0 http://id.loc.gov/authorities/names/no2008125742
|
| 710 |
2 |
|
|a SpringerLink (Online service)
|0 http://id.loc.gov/authorities/names/no2005046756
|
| 776 |
1 |
|
|c Original
|z 9781402069987
|z 1402069987
|w (DLC) 2008923441
|w (OCoLC)213382744
|
| 856 |
4 |
0 |
|u http://proxy.library.tamu.edu/login?url=https://dx.doi.org/10.1007/978-1-4020-6999-4
|z Connect to the full text of this electronic book
|t 0
|
| 938 |
|
|
|a YBP Library Services
|b YANK
|n 2865438
|
| 994 |
|
|
|a C0
|b TEF
|
| 999 |
|
|
|a MARS
|
| 999 |
f |
f |
|s 82ae360f-9933-3279-aada-fb8323043fed
|i c2973f54-bb6f-35f4-ab41-1b0a93c8e689
|t 0
|
| 952 |
f |
f |
|a Texas A&M University
|b College Station
|c Electronic Resources
|d Available Online
|t 0
|e TK7871.99.M44 L35 2008eb
|h Library of Congress classification
|
| 998 |
f |
f |
|a TK7871.99.M44 L35 2008eb
|t 0
|l Available Online
|